000 00848nam a2200241 i 4500
001 bg
100 1 _aKARNICKA-KAWCZYŃSKA, Agata
245 1 0 _aWspółwłasność jako szczególna forma własności :
_bproblematyka i wzory pism /
_cAgata Karnicka-Kawczyńska, Jarosław Kawczyński.
250 _aWyd. 2.
260 _aWarszawa :
_bWydaw. Prawnicze "LexisNexis",
_c2004.
300 _a324, [4] s. ;
_c21 cm.
650 9 _aWspółwłasność
_xprawo
_zPolska
_ystan na 2004 r.
700 1 _aKAWCZYŃSKI, Jarosław
015 _aPB 17831/2004
020 _a8373343377
040 _cBPK
041 0 _apol
080 _a347.2(438)
920 _a83-7334-337-7
942 _cKS
008 s pl f |000 0 pol
999 _c46741
_d46741
856 _uhttp://koha.tu.koszalin.pl/cgi-bin/koha/opac-detail.pl?biblionumber=46741
_yKatalog online BPK